000 00286nam a22001337a 4500
008 170222b xxu||||| |||| 00| 0 eng d
020 _a9780071448710
041 _aeng
080 _a617
100 _a5
101 _aSHS
245 _aSURGERY CLERK SHIP
_cKAUFMAN.M.S
942 _2udc
_cBK
999 _c6113
_d6113